| 000 -LEADER |
| fixed length control field |
01017cam a2200301 a 4500 |
| 001 - CONTROL NUMBER |
| control field |
(Sirsi) a900696 |
| 003 - CONTROL NUMBER IDENTIFIER |
| control field |
OSt |
| 005 - DATE AND TIME OF LATEST TRANSACTION |
| control field |
20230116112323.0 |
| 008 - FIXED-LENGTH DATA ELEMENTS--GENERAL INFORMATION |
| fixed length control field |
150612s2015 maua b 000 f eng d |
| 020 ## - INTERNATIONAL STANDARD BOOK NUMBER |
| International Standard Book Number |
9780763668846 |
| Qualifying information |
(hard) : |
| 040 ## - CATALOGING SOURCE |
| Original cataloging agency |
AU@ |
| Language of cataloging |
eng |
| Transcribing agency |
AU@ |
| Modifying agency |
OCLCO |
| -- |
BKL |
| -- |
NYP |
| -- |
UtOrBLW |
| -- |
TAE |
| -- |
KH8 |
| 042 ## - AUTHENTICATION CODE |
| Authentication code |
nbic |
| 082 0# - DEWEY DECIMAL CLASSIFICATION NUMBER |
| Classification number |
813.54 MAR |
| 100 1# - MAIN ENTRY--PERSONAL NAME |
| Personal name |
Martin, David, |
| Dates associated with a name |
1944- |
| Relator term |
author |
| 245 10 - TITLE STATEMENT |
| Title |
Peep and Ducky rainy day / |
| Statement of responsibility, etc. |
David Martin ; illustrated by David Walker. |
| 250 ## - EDITION STATEMENT |
| Edition statement |
1st ed. |
| 260 ## - PUBLICATION, DISTRIBUTION, ETC. |
| Place of publication, distribution, etc. |
Somerville, Mass. : |
| Name of publisher, distributor, etc. |
Candlewick Press, |
| Date of publication, distribution, etc. |
2015. |
| 300 ## - PHYSICAL DESCRIPTION |
| Extent |
[26] p. : |
| Other physical details |
col. ill. ; |
| Dimensions |
20 x 24 cm. |
| 520 ## - SUMMARY, ETC. |
| Summary, etc. |
When Peep visits Ducky on a rainy day, the little pals have no trouble finding things to do. |
| 521 1# - TARGET AUDIENCE NOTE |
| Target audience note |
4-8. |
| 650 #0 - SUBJECT ADDED ENTRY--TOPICAL TERM |
| Topical term or geographic name entry element |
Stories in rhyme. |
| 650 #0 - SUBJECT ADDED ENTRY--TOPICAL TERM |
| Topical term or geographic name entry element |
Chickens |
| Form subdivision |
Juvenile fiction. |
| 650 #0 - SUBJECT ADDED ENTRY--TOPICAL TERM |
| Topical term or geographic name entry element |
Ducks |
| Form subdivision |
Juvenile fiction. |
| 650 #0 - SUBJECT ADDED ENTRY--TOPICAL TERM |
| Topical term or geographic name entry element |
Play |
| Form subdivision |
Juvenile fiction. |
| 650 #0 - SUBJECT ADDED ENTRY--TOPICAL TERM |
| Topical term or geographic name entry element |
Friendship |
| Form subdivision |
Juvenile fiction. |
| 700 1# - ADDED ENTRY--PERSONAL NAME |
| Personal name |
Walker, David, |
| Dates associated with a name |
1965- |
| Relator term |
illustrator |
| 942 ## - ADDED ENTRY ELEMENTS (KOHA) |
| Source of classification or shelving scheme |
|
| Koha item type |
Books - Non Ficton |